<?xml version="1.0" encoding="UTF-8"?><?xml-stylesheet type="text/xsl" href="static/style.xsl"?><OAI-PMH xmlns="http://www.openarchives.org/OAI/2.0/" xmlns:xsi="http://www.w3.org/2001/XMLSchema-instance" xsi:schemaLocation="http://www.openarchives.org/OAI/2.0/ http://www.openarchives.org/OAI/2.0/OAI-PMH.xsd"><responseDate>2026-04-14T03:23:30Z</responseDate><request verb="GetRecord" identifier="oai:www.recercat.cat:2117/430212" metadataPrefix="marc">https://recercat.cat/oai/request</request><GetRecord><record><header><identifier>oai:recercat.cat:2117/430212</identifier><datestamp>2026-02-07T11:50:10Z</datestamp><setSpec>com_2072_1033</setSpec><setSpec>col_2072_452950</setSpec></header><metadata><record xmlns="http://www.loc.gov/MARC21/slim" xmlns:dcterms="http://purl.org/dc/terms/" xmlns:xsi="http://www.w3.org/2001/XMLSchema-instance" xmlns:doc="http://www.lyncode.com/xoai" xsi:schemaLocation="http://www.loc.gov/MARC21/slim http://www.loc.gov/standards/marcxml/schema/MARC21slim.xsd">
   <leader>00925njm 22002777a 4500</leader>
   <datafield ind2=" " ind1=" " tag="042">
      <subfield code="a">dc</subfield>
   </datafield>
   <datafield ind2=" " ind1=" " tag="720">
      <subfield code="a">Escribá Flores, Armando Alfredo</subfield>
      <subfield code="e">author</subfield>
   </datafield>
   <datafield ind2=" " ind1=" " tag="720">
      <subfield code="a">Fernández Francos, Xavier</subfield>
      <subfield code="e">author</subfield>
   </datafield>
   <datafield ind2=" " ind1=" " tag="720">
      <subfield code="a">Ferrando Piera, Francesc</subfield>
      <subfield code="e">author</subfield>
   </datafield>
   <datafield ind2=" " ind1=" " tag="720">
      <subfield code="a">Fabregat Sanjuan, Albert</subfield>
      <subfield code="e">author</subfield>
   </datafield>
   <datafield ind2=" " ind1=" " tag="260">
      <subfield code="c">2025-04-16</subfield>
   </datafield>
   <datafield ind2=" " ind1=" " tag="520">
      <subfield code="a">In recent years, the use of vat photopolymerization in additive manufacturing technology has created a prominent potential in the world manufacturing industry due to its adaptability and quick production capabilities. However, a challenge faced by this technology is creating large-sized parts and ensuring the geometric versatility of processed parts. The physical and mechanical properties of existing materials limit their processing, affecting their final applications. Moreover, dual-curing systems allow new possibilities to 3D printing if shape geometry is changed after the first curing stage and fixed in the second curing stage. This study aims to address these challenges by developing a dual-curing system involving epoxy/acrylic resins. We assess the kinetic and mechanical behavior, focusing on variations in the network coupling agent. The initial curing stage of a low viscous formulation, achieved through processing on a DLP 3D printer (partially cured), produces a flexible material allowing deformations up to 160 %. The second curing stage, achieved through thermal treatment, transforms the material into a rigid system with an impressive maximum tensile strength close to 80 MPa. We compare the contribution of the bonding agent in partial and total cured states. Comprehensive mechanical tests have been performed, including tension and shear evaluations. Results have been favorably aligned with relevant literature. The dual-curing approach shows promise in expanding 3D printing vat photopolymerization applications, providing new design and manufacturing possibilities by enhancing material availability. Our findings emphasize the benefits of the dual-curing system, including low viscosity, shape manipulation during intermediate curing that allows complex geometries with fast procedures and without the need of supports and exceptional strength and durability achieved in the final curing phase. Results on mechanical characterization in joints show that dual curing resins could be attractive in applications where different parts must be joined and precise alignment and structural integrity are crucial. The main reason for that is the interaction with the bonding agent in each state of the dual curing.</subfield>
   </datafield>
   <datafield ind2=" " ind1=" " tag="520">
      <subfield code="a">This work was funded by the Spanish Ministry of Science and Innovation (MCIN/AEI/10.13039/501100011033) through R&amp;D projects PID2020-115102RB-C21 and PID2020-115102RB-C22, and also by Generalitat de Catalunya (2021-SGR-154). Armando Escribá acknowledges the Martí Franquès Research Fellowship Programme (2021PMFBS- 08). X. Fernández-Francos acknowledges the Serra-Húnter programme (Generalitat de Catalunya).</subfield>
   </datafield>
   <datafield ind2=" " ind1=" " tag="520">
      <subfield code="a">Peer Reviewed</subfield>
   </datafield>
   <datafield ind2=" " ind1=" " tag="520">
      <subfield code="a">Postprint (published version)</subfield>
   </datafield>
   <datafield tag="653" ind2=" " ind1=" ">
      <subfield code="a">Àrees temàtiques de la UPC::Enginyeria dels materials</subfield>
   </datafield>
   <datafield tag="653" ind2=" " ind1=" ">
      <subfield code="a">Dual-curing</subfield>
   </datafield>
   <datafield tag="653" ind2=" " ind1=" ">
      <subfield code="a">Vat photopolymerization 3D printing</subfield>
   </datafield>
   <datafield tag="653" ind2=" " ind1=" ">
      <subfield code="a">Multi-material</subfield>
   </datafield>
   <datafield tag="653" ind2=" " ind1=" ">
      <subfield code="a">High mechanical performance</subfield>
   </datafield>
   <datafield ind2="0" ind1="0" tag="245">
      <subfield code="a">Evaluation of the effect of coupling agent on the kinetic and mechanical properties of a 3D printable dual curing epoxy/acrylate system</subfield>
   </datafield>
</record></metadata></record></GetRecord></OAI-PMH>